000 02899nam a2200541Ia 4500
001 962
008 241029s9999 xx 000 0 und d
010 _a882
041 _aEspañol
082 _aTPG MCE 11 2005
245 0 _aPropuesta teórica para el perfeccionamiento curricular de la carrera de diseño de interiores desde un enfoque ergonómico
260 _aSanto Domingo
300 _a68
520 _a18
630 _aCurrículo
630 _aPerfil Profesional
650 _aCurriculum
690 _aCopiado sin cambios
700 _easesor
_aAlvarez, Joaquin
700 _eautor
_aMinaya de Turbides, Alvara
700 _easesor
_aMachado , Evelio
901 _a{"1":"Minaya de Turbides"}
_b{"1":"Alvara"}
902 _a2
903 _a{"1":"Machado ","2":"Alvarez"}
_b{"1":"Evelio","2":"Joaquin"}
904 _aMaestría en
905 _aCiencias de la Educación
906 _a2
907 _aNO APLICA
908 _aNO APLICA
909 _aUniversidad Acción Pro Educación y Cultura (UNAPEC)
910 _aNULL
_bNULL
911 _a["1"]
912 _aNO APLICA
913 _aNULL
914 _a01 de Agosto de 2005
915 _a11/06/14 06:06
916 _aNULL
917 _aNULL
918 _aNO APLICA
919 _a["52","157"]
520 _aLa propuesta presentada está dirigida a la integración del componente ergonómico como eje transversal a través de un tratamiento interdisciplinar en el currículo de la Carrera Diseño de interiores.  Dado que el Diseñador trabaja con y para el hombre como ente generador de actividades que responden al cumplimiento de sus necesidades;  el profesional que se forma en el área del Diseño debe contar con las herramientas básicas que determinan la interrelación hombre-espacio para la planificación, adecuación y organización apropiadas de dichas actividades de acuerdo a aspectos específicos.   El problema científico se fundamenta en el tratamiento interdisciplinario en el currículo de Diseño de Interiores con una proyección ergonómica fundamentada en las leyes y principios didácticos de modo que el perfil del diseñador se oriente hacia la solución de problemas de diseño y ambientación de espacios para el confort del hábitat del hombre. Por tanto el objetivo es el perfeccionamiento curricular con énfasis en el componente ergonómico.  La base metodológica estará enmarcada dentro del contexto de las tendencias desarrolladoras,  específicamente en el paradigma de enfoque histórico cultural de Vigotsky.  Los métodos y técnicas para la investigación científica, estarán basados en métodos empíricos (observación, entrevistas, cuestionarios, etc.)  y sus bases filosóficas se encuentran en el materialismo dialéctico.
921 _a16
922 _a16
923 _a0
924 _aNO APLICA
942 _cTesis
999 _c882
_d882